000 00992nas a2200301 4500
001 BR2021000211
003 BR-BrBNA
005 20231205132130.0
007 ta
008 230509b bl.|||p| |||| 00| 00por d
040 _aBR-BrBNA
_bpor
_cBiblioteca Nacional de Agricultura
041 _a(En)
072 _aH60
100 1 _aSarmento, H.G. dos S.
100 1 _aRodrigues, T.M.
100 1 _aAspiazú, I.
100 1 _aCorsato, C.E.
245 1 _aPhytosociological survey in pineapple cultivated in northern Minas Gerais
650 _aABACAXI
650 _aANANÁS COMOSUS
650 _aDEFESA VEGETAL
650 _aERVA DANINHA
773 0 _tNativa. Pesquisas Agrárias e Ambientais (Brazil)
_xISSN 2318-7670
_g(Jul-Aug 2017), v. 5(4) p. 231-236
_wBR2021000211
856 4 0 _uhttps://periodicoscientificos.ufmt.br/ojs/index.php/nativa/article/view/4172/pdf_1
856 4 0 _dLink DSPACE/MAPA BR2021000211
909 _a202311
_bLúcia
_c55
_dLúcia Elande
942 _2AGRIS
_n0
_cANA
999 _c258651
_d258651